Statistiques concernant pas de boogie woogie- Eddy Mitchel

Cliquez ici pour prendre le quiz!

Statistiques générales

  • Ce quiz a été pris 39 fois
  • Le résultat moyen est 218 sur 342

Statistiques - réponses

Réponse% Correct
a
100%
à
100%
de
100%
la
100%
est
96%
Le
96%
le
96%
m'a
96%
ma
96%
pas
96%
peché
96%
péché
96%
me
92%
pape
92%
un
92%
boogie
88%
d'amour
88%
dit
88%
et
88%
il
88%
je
88%
l'acte
88%
que
88%
se
88%
avant
83%
du
83%
paroisse
83%
sans
83%
suis
83%
une
83%
whisky
83%
woogie
83%
afin
79%
ce
79%
curé
79%
etre
79%
faut
79%
J'ai
79%
j'ai
79%
l'annoncer
79%
mes
79%
mon
79%
prieres
79%
soir
79%
dose
75%
pris
75%
vos
75%
bien
71%
Cette
71%
en
71%
freres
71%
nouvelle
71%
sermon
71%
soeurs
71%
tous
71%
avec
67%
biens
67%
chers
67%
coeur
67%
faire
67%
moi
67%
préparer
63%
fideles
58%
fidèles
58%
mortel
58%
ne
58%
reprenez
58%
sur
58%
Au
54%
devenu
54%
Dieu
54%
dieu
54%
fait
54%
l'église
54%
parler
54%
ton
54%
apparu
50%
couru
50%
faites
50%
fermé
50%
les
50%
l'oeil
50%
n'ai
50%
nuit
50%
vers
50%
aussitot
46%
marier
46%
posais
46%
questions
46%
solution
46%
trop
46%
donné
42%
eternel
42%
éternel
42%
matin
42%
pere
42%
petit
42%
votre
42%
l'amour
38%
maintenant
33%
m'est
33%
provoquez
33%
réactions
29%
certains
25%
d'observer
25%
l'assistance
25%
mais
25%
non
25%
si
25%
visages
25%
aux
21%
nous
21%
on
21%
réclamé
21%
silence
21%
surtout
21%
autres
17%
bon
17%
ils
17%
l'indignation
17%
puis
17%
quand
17%
compris
13%
dans
13%
maison
13%
n'avaient
13%
qu'ils
13%
réflétait
13%
rien
13%
messe
8%
nouveau
8%
obtus
8%
partis
8%
sachant
8%
seul
8%
sont
8%
ta
8%
visiblement
8%
encore
4%
midi
4%
quoi
4%
reste
4%
tout
4%
demendèrent
0%
dire
0%
droit
0%
essayera
0%
ira
0%
l'affaire
0%
l'air
0%
l'enfer
0%
nos
0%
perdre
0%

Distribution des résultats

Percentile par nombre de réponses

% des personnes avec chaque résultat

Votre développement - résultats

Vous n’avez pas pris ce quiz